Can You Name Every Premier Rides Coaster in The US? - Statistics

General Stats
  • This quiz has been taken 25 times
  • The average score is 14 of 21
Answer Stats
Hint Answer % Correct
2015 Tempesto
90%
2019 Tigris
85%
2018 Electric Eel
80%
1996 Flight of Fear
80%
1996 Flight of Fear
80%
2012 Superman Ultimate Flight
80%
2013 Full Throttle
75%
2016 Phobia Phear
70%
2020 West Coast Racers
70%
1998 Mr Freeze
65%
1998 Mr Freeze
65%
1999 Poltergeist
65%
2010 Sky Rocket
65%
2005 Backlot Stunt Coaster
60%
2005 Backlot Stunt Coaster
60%
2006 Backlot Stunt Coaster
60%
2022 Ice Breaker
60%
1999 Joker’s Jinx
60%
1996 Runaway Mountain
45%
2004 Revenge of the Mummy
35%
2004 Revenge of the Mummy
35%
No matching quizzes found
Score Distribution
Percent of People with Each Score
Percentile by Number Answered
Your Score History
You have not taken this quiz